000 00837nam a22002417a 4500
999 _c7955
_d7955
003 AR-CdUCM
008 190321b ||||| |||| 00| 0 spa d
040 _aMUNICIPALIDAD PROVINCIAL DEL CUSCO
_cBIBLIOTECA MUNICIPAL DEL CUSCO
082 _a541 /
_bD27
100 _aDassler, Adolf
_921487
245 _aElectroquimica :
_bY sus fundamentos fisicoquimicos /
260 _aMexico :
_bUnion Tipografica Editorial Hispano Americana,
_c1962.
300 _aV, 178 paginas ;
_btablas, graficos
_c17 cm.
440 _aManuales Uteha
_n35
_922481
505 _aContenido: Electroquimica -- Electricidad -- Electrolitica --
650 _aElectroquimica
_921489
650 _aElectricidad
_915840
650 _aElectrolitica
_922482
650 _aQuimica
_94512
700 _aTeresa Moral, Maria
_922483
942 _2ddc
_cLIBROS
945 _apjha